|
|
|
|
| LEADER |
00000nab a2200000 a 4500 |
| 001 |
vtls000932912 |
| 003 |
SK-MaSNL |
| 005 |
20260305031009.0 |
| 008 |
040720e20000000xo 0 slo |
| 035 |
|
|
|a KE41789
|
| 040 |
|
|
|a KEVKJB
|b slo
|c KEVKJB
|e AACR2
|
| 041 |
0 |
|
|a slo
|
| 044 |
|
|
|a xo
|c SK
|
| 080 |
|
|
|a 398.332.4
|2 1981
|
| 100 |
1 |
|
|a Buganová, Klaudia
|4 aut
|9 6301
|
| 245 |
1 |
0 |
|a Z ďaleka je cesta naša...
|b (Sviatok Troch Kráľov v ľudovej tradícii)
|
| 300 |
|
|
|b 4 foto
|
| 650 |
0 |
7 |
|a folklór
|2 KEVKJB
|9 19213
|
| 650 |
0 |
7 |
|a ľudové tradície
|2 KEVKJB
|9 4960
|
| 650 |
0 |
7 |
|a Traja králi
|2 KEVKJB
|9 30683
|
| 651 |
|
7 |
|a Kojšov (Slovensko)
|2 KEVKJB
|9 27575
|
| 651 |
|
7 |
|a Spišská Nová Ves (Slovensko : okres)
|2 KEVKJB
|9 22259
|
| 651 |
|
7 |
|a Kavečany (Košice I, Slovensko)
|2 KEVKJB
|9 29662
|
| 651 |
|
7 |
|a Košice (Slovensko)
|2 KEVKJB
|9 18694
|
| 651 |
|
7 |
|a Sokoľ (Slovensko)
|2 KEVKJB
|9 30359
|
| 651 |
|
7 |
|a Košice-okolie (Slovensko : okres)
|2 KEVKJB
|9 146743
|
| 651 |
|
7 |
|a KE,
|2 KEVKJB
|9 877256
|
| 655 |
|
7 |
|a periodikum
|2 snkbucl
|9 29553
|
| 773 |
0 |
8 |
|t Listy Košické
|g Roč. 2, č.5-6 (2000), s. 14-15
|
| 852 |
|
|
|a ZVYKNI
|b KIS3GCP
|
| 999 |
|
|
|c 3314096
|d 3316026
|